[Event "World Youth U16 Olympiad"]
[Site "Gyor HUN"]
[Date "2014.12.20"]
[Round "9.5"]
[Board "4"]
[White "Dadello, Aleksandra"]
[Black "Tsiros, Fragkiskos Vlasios"]
[Result "1/2-1/2"]
[WhiteElo "2009"]
[BlackElo "2147"]
[WhiteTeam "Poland 2"]
[BlackTeam "Greece"]
[WhiteFideId "1177362"]
[BlackFideId "4228200"]
[EventDate "2014.12.13"]
[EventType "team"]

1. e4 c5 2. Nf3 d6 3. d4 cxd4 4. Nxd4 Nf6 5. Nc3 a6 6. f3 Qb6 7. Nb3 e6 8. a4
Nbd7 9. a5 Qc7 10. Be3 Be7 11. Be2 O-O 12. O-O b5 13. axb6 Nxb6 14. Qd4 Nfd7 15.
Na5 Re8 16. Rfd1 d5 17. exd5 Bc5 18. Qd2 Nxd5 19. Nxd5 exd5 20. Bxc5 Qxc5+ 21.
Kh1 Nf6 22. Nb3 Qb6 23. Bd3 Bd7 24. Qa5 Qf2 25. Nc5 Bh3 26. Rg1 Be6 27. Nxa6 Bc8
28. Qc5 Qh4 29. Nc7 Rxa1 30. Rxa1 Re1+ 31. Rxe1 Qxe1+ 32. Qg1 Qe5 33. Qb6 Qe1+
34. Qg1 Qe5 35. Qb6 Qe1+ 1/2-1/2

[Event "World Youth U16 Olympiad"]
[Site "Gyor HUN"]
[Date "2014.12.20"]
[Round "9.6"]
[Board "1"]
[White "Repka, Christopher"]
[Black "Gledura, Benjamin"]
[Result "1/2-1/2"]
[BlackTitle "IM"]
[WhiteElo "2407"]
[BlackElo "2450"]
[WhiteTeam "Slovakia 1"]
[BlackTeam "Hungary 1"]
[WhiteFideId "14918781"]
[BlackFideId "712779"]
[EventDate "2014.12.13"]
[EventType "team"]

1. d4 Nf6 2. Nf3 g6 3. c4 Bg7 4. g3 c6 5. Bg2 d5 6. cxd5 cxd5 7. O-O O-O 8. Nc3
Ne4 9. e3 Nxc3 10. bxc3 Nc6 11. Nd2 b6 12. c4 e6 13. Ba3 Re8 14. cxd5 exd5 15.
Qb3 Be6 16. Qa4 Qd7 17. Rfc1 Rec8 18. Rab1 Bf8 19. Bxf8 Kxf8 20. Bf1 Na5 21.
Qxd7 Bxd7 22. Ba6 Rxc1+ 23. Rxc1 Ke7 24. e4 dxe4 25. Nxe4 Be6 26. Nc3 Rd8 27.
Rd1 Bc4 28. Bxc4 Nxc4 29. d5 Nd6 30. Kg2 Rc8 31. Rd3 Rc5 32. Kf3 Ra5 33. a4 Rc5
34. Ke2 Kd7 35. Rf3 Rc4 36. Kd3 Rb4 37. Re3 Nc4 38. Re4 Nb2+ 39. Ke3 Rxe4+ 40.
Kxe4 Nc4 41. g4 f6 1/2-1/2

[Event "World Youth U16 Olympiad"]
[Site "Gyor HUN"]
[Date "2014.12.20"]
[Round "9.6"]
[Board "2"]
[White "Korpa, Bence"]
[Black "Nayhebaver, Martin"]
[Result "1/2-1/2"]
[WhiteTitle "IM"]
[WhiteElo "2415"]
[BlackElo "2332"]
[WhiteTeam "Hungary 1"]
[BlackTeam "Slovakia 1"]
[WhiteFideId "706671"]
[BlackFideId "14923432"]
[EventDate "2014.12.13"]
[EventType "team"]

1. d4 Nf6 2. c4 e6 3. Nc3 Bb4 4. Qc2 c5 5. dxc5 O-O 6. a3 Bxc5 7. Nf3 Nc6 8. Bf4
e5 9. Bg5 Nd4 10. Nxd4 exd4 11. Nd5 Qa5+ 12. Bd2 Qd8 13. Bg5 Qa5+ 14. Qd2 Qxd2+
15. Bxd2 Nxd5 16. cxd5 d6 17. g3 Bf5 18. Bg2 Rfe8 19. Kd1 a5 20. Rc1 a4 21. Re1
Be4 22. Bxe4 Rxe4 23. Bf4 f6 24. h4 Rae8 25. Kd2 Kf7 26. Kd3 b5 27. Rc2 Kg6 28.
Rb1 R4e7 29. Bc1 Ra8 30. b4 axb3 31. Rxb3 Rb7 1/2-1/2

[Event "World Youth U16 Olympiad"]
[Site "Gyor HUN"]
[Date "2014.12.20"]
[Round "9.6"]
[Board "3"]
[White "Pechac, Jergus"]
[Black "Kantor, Gergely"]
[Result "0-1"]
[WhiteTitle "CM"]
[BlackTitle "IM"]
[WhiteElo "2182"]
[BlackElo "2385"]
[WhiteTeam "Slovakia 1"]
[BlackTeam "Hungary 1"]
[WhiteFideId "14926970"]
[BlackFideId "751499"]
[EventDate "2014.12.13"]
[EventType "team"]

1. Nf3 d5 2. e3 Nf6 3. b3 Bf5 4. Bb2 e6 5. Be2 h6 6. O-O Be7 7. d4 O-O 8. c4 c6
9. Nc3 Nbd7 10. Re1 a5 11. Bd3 Bxd3 12. Qxd3 Qb6 13. cxd5 exd5 14. e4 dxe4 15.
Nxe4 Bb4 16. Nxf6+ Nxf6 17. Re5 Nd5 18. Nh4 Bd6 19. Nf5 Bxe5 20. dxe5 Nf4 21.
Qf3 Ne6 22. Ba3 c5 23. Rd1 Rad8 24. Rd6 Rxd6 25. exd6 Qd8 26. Bb2 Qg5 27. h4 Qd2
28. Bc3 Qc1+ 29. Kh2 Kh7 30. Be5 Qd2 31. g4 Nd4 32. Nxd4 cxd4 33. d7 Qc2 34. h5
Qc6 35. Qf5+ Kg8 36. g5 Qe6 37. Qe4 hxg5 38. Qxd4 Rd8 39. Bxg7 Rxd7 40. Qc3 Qc6
41. Qb2 Qd6+ 42. Kg2 Qd5+ 43. Kg3 Qd3+ 44. Kh2 Qd2 45. Qf6 Qd6+ 46. Qxd6 Rxd6
47. Bc3 b6 0-1

[Event "World Youth U16 Olympiad"]
[Site "Gyor HUN"]
[Date "2014.12.20"]
[Round "9.6"]
[Board "4"]
[White "Antal, Tibor Kende"]
[Black "Sucikova, Svetlana"]
[Result "1-0"]
[WhiteTitle "FM"]
[WhiteElo "2292"]
[BlackElo "1985"]
[WhiteTeam "Hungary 1"]
[BlackTeam "Slovakia 1"]
[WhiteFideId "738581"]
[BlackFideId "14923653"]
[EventDate "2014.12.13"]
[EventType "team"]

1. d4 d5 2. c4 e6 3. Nc3 c6 4. e4 dxe4 5. Nxe4 Bb4+ 6. Bd2 Qxd4 7. Bxb4 Qxe4+ 8.
Ne2 Nd7 9. Qd6 Qe5 10. Qd2 Ngf6 11. Bd6 Ne4 12. Bxe5 Nxd2 13. Bxg7 Rg8 14. Kxd2
Rxg7 15. g3 Nf6 16. Nc3 b6 17. Bg2 Bb7 18. Rad1 O-O-O+ 19. Ke2 Rgg8 20. f4 Kc7
21. Bf3 Ba6 22. b3 Nd5 23. Rd3 Nxc3+ 24. Rxc3 c5 25. Rd1 Rxd1 26. Kxd1 Rd8+ 27.
Ke2 Bb7 28. Bxb7 Kxb7 29. g4 Rd4 30. Rh3 Rxf4 31. Rxh7 Kc6 32. g5 a6 33. h4 Kd6
34. h5 Rg4 35. Rg7 Rh4 36. h6 f6 37. gxf6 Rxh6 38. Rb7 Kc6 39. Rf7 Rh5 40. Rf8
Rf5 41. Rf7 a5 42. Ke3 Kd6 43. Rf8 Kc6 44. Ke4 Kc7 45. Rf7+ Kc6 46. Rf8 Kc7 47.
Kd3 Kb7 48. Kc3 Rf3+ 49. Kb2 Rf2+ 50. Ka3 Kc6 51. f7 Kb7 52. Ka4 e5 53. Kb5 a4
54. Re8 Rxf7 55. bxa4 e4 56. Rxe4 Rf2 57. Re7+ Kb8 58. Kxb6 Rb2+ 59. Kxc5 Rxa2
60. Kb5 1-0

[Event "World Youth U16 Olympiad"]
[Site "Gyor HUN"]
[Date "2014.12.20"]
[Round "9.7"]
[Board "1"]
[White "Bakalchuk, Johnatan"]
[Black "Havasi, Gergo"]
[Result "1-0"]
[WhiteTitle "FM"]
[WhiteElo "2300"]
[BlackElo "2353"]
[WhiteTeam "Israel"]
[BlackTeam "Hungary 2"]
[WhiteFideId "2810301"]
[BlackFideId "760293"]
[EventDate "2014.12.13"]
[EventType "team"]

1. e4 c5 2. Nf3 d6 3. d4 cxd4 4. Nxd4 Nf6 5. Nc3 a6 6. Qf3 g6 7. Be3 Bg7 8. h3
O-O 9. O-O-O Bd7 10. g4 Nc6 11. Qg2 Rc8 12. f4 Nxd4 13. Bxd4 Qa5 14. Qg1 Rc6 15.
g5 Nh5 16. Bxg7 Kxg7 17. Qd4+ Kg8 18. Nd5 Re8 19. Kb1 Qc5 20. Qxc5 Rxc5 21. b4
Rc6 22. Rg1 Be6 23. Rd4 Rcc8 24. Be2 Ng7 25. Bg4 Rc6 26. Kb2 Kf8 27. c3 Rec8 28.
Rg3 Rc4 29. Rgd3 Rxd4 30. Rxd4 Rc6 31. a4 Bxd5 32. exd5 Rc7 33. a5 Nf5 34. Bxf5
gxf5 35. c4 Kg7 36. Kc3 Kg6 37. Rd3 h6 38. gxh6 Kxh6 39. Rg3 Kh5 40. Rg7 f6 41.
Rg8 Kh4 42. Kd4 Kxh3 43. c5 Kh4 44. Rg6 Rd7 45. c6 Rc7 46. cxb7 Rxb7 47. Kc4
Rc7+ 48. Kb3 Rc1 49. Rg7 Rc7 50. Rg8 Ra7 51. b5 axb5 52. Kb4 Rc7 53. a6 Rc5 54.
a7 Rc4+ 55. Kxb5 Rc5+ 56. Kb6 Rc1 57. a8=Q Rb1+ 58. Kc7 Rc1+ 59. Kd7 1-0

[Event "World Youth U16 Olympiad"]
[Site "Gyor HUN"]
[Date "2014.12.20"]
[Round "9.7"]
[Board "2"]
[White "Kozak, Adam"]
[Black "Zanan, Evgeny"]
[Result "1/2-1/2"]
[WhiteTitle "FM"]
[BlackTitle "FM"]
[WhiteElo "2307"]
[BlackElo "2300"]
[WhiteTeam "Hungary 2"]
[BlackTeam "Israel"]
[WhiteFideId "753246"]
[BlackFideId "24101940"]
[EventDate "2014.12.13"]
[EventType "team"]

1. d4 Nf6 2. c4 g6 3. Nc3 d5 4. Bg5 Ne4 5. Bh4 Nxc3 6. bxc3 dxc4 7. e3 Be6 8.
Nf3 Bg7 9. Rb1 b6 10. Be2 c6 11. O-O O-O 12. a4 a6 13. Ng5 Bd5 14. e4 h6 15.
exd5 hxg5 16. Bxg5 cxd5 17. h4 Qd6 18. h5 Nd7 19. Re1 e5 20. dxe5 Nxe5 21. Be3
Rab8 22. f4 Nd3 23. Bxd3 cxd3 24. Qxd3 gxh5 25. Bd4 Bxd4+ 26. cxd4 Rfe8 27. Re5
Rxe5 28. dxe5 Qg6 29. f5 Qg4 30. Rf1 Qe4 31. Qg3+ Qg4 32. Qd3 Qe4 33. Qg3+ Qg4
34. Qe3 d4 35. Qd2 Re8 36. Rf4 Qg3 37. Qxd4 Qe1+ 38. Rf1 Qxe5 39. Qxb6 Qe3+ 40.
Qxe3 Rxe3 41. Rf4 Kg7 42. Rh4 Ra3 43. Rc4 a5 44. Kh2 Kf6 45. Rc6+ Kg5 46. Rc4 f6
47. Rd4 Re3 48. Rc4 Kxf5 49. Rc7 Re4 50. Rc5+ Re5 51. Rc7 Kf4 52. Rc4+ Kg5 53.
Rc8 Kf4 54. Rc4+ Ke3 55. Rh4 Rg5 56. Kh3 Rd5 57. Rc4 Kd3 58. Rf4 Rd4 59. Rf5
Rxa4 60. Rxh5 1/2-1/2

[Event "World Youth U16 Olympiad"]
[Site "Gyor HUN"]
[Date "2014.12.20"]
[Round "9.7"]
[Board "3"]
[White "Grinberg, Eyal"]
[Black "Juhasz, Armin"]
[Result "1-0"]
[BlackTitle "FM"]
[WhiteElo "2121"]
[BlackElo "2268"]
[WhiteTeam "Israel"]
[BlackTeam "Hungary 2"]
[WhiteFideId "2806070"]
[BlackFideId "724270"]
[EventDate "2014.12.13"]
[EventType "team"]

1. e4 c6 2. d4 d5 3. e5 Bf5 4. Nf3 e6 5. Be2 Ne7 6. O-O c5 7. c3 Nec6 8. a3 Nd7
9. b4 cxd4 10. cxd4 Be7 11. Nbd2 Rc8 12. Bb2 O-O 13. Rc1 Nb6 14. Bc3 a6 15. Qb3
Bg4 16. h3 Bxf3 17. Bxf3 Bg5 18. Rcd1 Na7 19. Nb1 Qd7 20. Bd2 Be7 21. Bg4 Nb5
22. Qg3 Kh8 23. h4 Rc4 24. Be3 Na4 25. Be2 Rc7 26. Bd3 Nb2 27. Rd2 Nxd3 28. Rxd3
Rfc8 29. h5 Nc3 30. Nxc3 Rxc3 31. Bh6 gxh6 32. Rxc3 Rg8 33. Qf3 Bg5 34. Qd1 Bd8
35. Qd2 Qe8 36. Rf3 Bg5 37. Qc3 Qd7 38. Qb2 Bd8 39. Rc1 Qe7 40. Qd2 Qh4 41. Rxf7
Qxh5 42. Rxb7 Qf3 43. g3 Rf8 44. Rc3 Qe4 45. Qc2 Qe1+ 46. Kg2 Rf5 47. Rc8 Rxf2+
48. Qxf2 Qe4+ 49. Kh2 1-0

[Event "World Youth U16 Olympiad"]
[Site "Gyor HUN"]
[Date "2014.12.20"]
[Round "9.7"]
[Board "4"]
[White "Zsirai, Peter"]
[Black "Kali, Omer"]
[Result "1/2-1/2"]
[WhiteElo "2301"]
[BlackElo "2055"]
[WhiteTeam "Hungary 2"]
[BlackTeam "Israel"]
[WhiteFideId "727423"]
[BlackFideId "2812436"]
[EventDate "2014.12.13"]
[EventType "team"]

1. e4 e5 2. Nf3 Nc6 3. Bc4 Nf6 4. d3 Be7 5. O-O O-O 6. Bb3 d5 7. exd5 Nxd5 8.
Re1 Bg4 9. h3 Bh5 10. g4 Bg6 11. Nxe5 Nxe5 12. Rxe5 c6 13. Qf3 Bd6 14. Re2 Kh8
15. Nc3 Nxc3 16. bxc3 f5 17. g5 f4 18. h4 Bf5 19. Be6 Bxe6 20. Rxe6 Qd7 21. Re4
Rae8 22. Rxe8 Rxe8 23. Bd2 Qf7 24. a4 Qf5 25. Re1 Rxe1+ 26. Bxe1 h6 27. Bd2 hxg5
28. Qh5+ Kg8 29. hxg5 g6 30. Qh4 b5 31. a5 a6 32. Qh6 Be7 33. Kf1 Bxg5 34. Qh1
Qd5 35. Qh3 Kg7 36. Bc1 Qf5 37. Qf3 Qd5 38. Qh3 Qf5 39. Qh1 Qd5 40. Qg1 Kf6 41.
Qh2 Qf3 42. Ke1 Kf5 43. Ba3 Qh5 44. Qg1 Qg4 45. Qh1 f3 46. Kd1 Qf4 47. Qh3+ Qg4
48. Qh1 Qf4 49. Qh3+ Qg4 50. Qh1 1/2-1/2

[Event "World Youth U16 Olympiad"]
[Site "Gyor HUN"]
[Date "2014.12.20"]
[Round "9.8"]
[Board "3"]
[White "Song, Michael"]
[Black "Djordjevic, Vuk"]
[Result "1/2-1/2"]
[WhiteElo "2257"]
[BlackElo "2291"]
[WhiteTeam "Canada 1"]
[BlackTeam "Serbia"]
[WhiteFideId "2613190"]
[BlackFideId "902098"]
[EventDate "2014.12.13"]
[EventType "team"]

1. e4 c5 2. c3 d5 3. exd5 Qxd5 4. d4 Nf6 5. Nf3 Bg4 6. Be2 e6 7. h3 Bh5 8. Be3
cxd4 9. cxd4 Nc6 10. Nc3 Qd6 11. O-O Be7 12. Rc1 O-O 13. Nb5 Qd8 14. Ne5 Bxe2
15. Qxe2 Nb4 16. Nc3 Rc8 17. Rfd1 a6 18. Bg5 Nfd5 19. Bxe7 Qxe7 20. a3 Nf4 21.
Qg4 Nbd5 22. g3 Nxc3 23. bxc3 Ng6 24. Nxg6 hxg6 25. a4 Rc4 26. a5 Rfc8 27. Qf3
R8c7 28. d5 exd5 29. Rxd5 Qf6 30. Qe2 Kh7 31. h4 Rxc3 32. Rxc3 Rxc3 33. h5 Qc6
34. hxg6+ fxg6 35. Qe4 Rc4 36. Qh1+ Kg8 37. Rd8+ Kf7 38. Qxc6 Rxc6 39. Rd7+ Kg8
40. Rxb7 Rc5 41. Ra7 Rxa5 42. Kg2 Kh7 43. f4 g5 44. fxg5 Kg6 45. Kh3 Ra4 46. Kg2
a5 47. Kh3 Ra3 1/2-1/2

[Event "World Youth U16 Olympiad"]
[Site "Gyor HUN"]
[Date "2014.12.20"]
[Round "9.8"]
[Board "4"]
[White "Ivic, Velimir"]
[Black "Zhou, Qiyu"]
[Result "1-0"]
[BlackTitle "WFM"]
[WhiteElo "2176"]
[BlackElo "2156"]
[WhiteTeam "Serbia"]
[BlackTeam "Canada 1"]
[WhiteFideId "950122"]
[BlackFideId "505161"]
[EventDate "2014.12.13"]
[EventType "team"]

1. e4 e5 2. Nf3 Nc6 3. Bb5 a6 4. Ba4 Nf6 5. d3 b5 6. Bb3 Be7 7. O-O d6 8. a4 Rb8
9. c3 O-O 10. Nbd2 h6 11. axb5 axb5 12. Re1 Bb7 13. Nf1 Re8 14. Ne3 Bf8 15. h3
Qd7 16. Nh2 Ra8 17. Rxa8 Rxa8 18. Nhg4 Nxg4 19. hxg4 b4 20. g3 bxc3 21. bxc3 Nd8
22. Kg2 c6 23. Rh1 d5 24. Qf3 Ne6 25. Nf5 Ng5 26. Qe2 dxe4 27. dxe4 Nxe4 28. Rd1
Nxc3 29. Rxd7 Nxe2 30. Bxf7+ Kh8 31. Bb2 Ba6 32. Bxe5 Kh7 33. Nxg7 Bc8 34. Rc7
Ra5 35. Bf6 Bxg7 36. Bh5 Rg5 37. Bxg5 hxg5 38. Rxc8 Nd4 39. f4 Bf6 40. Rc7+ Kg8
41. Kf2 gxf4 42. gxf4 Bh4+ 43. Ke3 Nc2+ 44. Ke4 Nb4 45. g5 Bf2 46. f5 Bc5 47. f6
Bf8 48. Bg6 c5 49. Rh7 Bd6 50. f7+ Kf8 51. Rh8+ Ke7 52. f8=Q+ 1-0

[Event "World Youth U16 Olympiad"]
[Site "Gyor HUN"]
[Date "2014.12.20"]
[Round "9.9"]
[Board "1"]
[White "Zhou, Jiangnan"]
[Black "Morozov, Nichita"]
[Result "1/2-1/2"]
[BlackTitle "FM"]
[WhiteElo "2100"]
[BlackElo "2307"]
[WhiteTeam "China"]
[BlackTeam "Moldova"]
[WhiteFideId "8609918"]
[BlackFideId "13900897"]
[EventDate "2014.12.13"]
[EventType "team"]

1. d4 Nf6 2. c4 e6 3. Nc3 Bb4 4. f3 Nc6 5. a3 Bxc3+ 6. bxc3 b6 7. e4 Ba6 8. Bg5
h6 9. Bh4 Na5 10. Qa4 g5 11. Bf2 Nh5 12. h4 g4 13. e5 Rg8 14. d5 gxf3 15. Nxf3
Ng3 16. Bxg3 Rxg3 17. Rd1 Qe7 18. Kf2 Rg4 19. Rd4 h5 20. c5 Bxf1 21. d6 cxd6 22.
cxd6 Qf8 23. Rxf1 Qg7 24. Rxg4 hxg4 25. Qe4 Nc6 26. Nd4 Qxe5 27. Qxg4 O-O-O 28.
Nxc6 dxc6 29. Qd4 Qxd4+ 30. cxd4 Rh8 31. Kg3 f5 32. Rh1 Kd7 33. h5 Kxd6 34. Kf4
c5 35. dxc5+ bxc5 36. h6 Ke7 1/2-1/2

[Event "World Youth U16 Olympiad"]
[Site "Gyor HUN"]
[Date "2014.12.20"]
[Round "9.9"]
[Board "2"]
[White "Abramciuc, Marius"]
[Black "Dai, Changren"]
[Result "1-0"]
[WhiteElo "2204"]
[BlackElo "2301"]
[WhiteTeam "Moldova"]
[BlackTeam "China"]
[WhiteFideId "13900609"]
[BlackFideId "8608156"]
[EventDate "2014.12.13"]
[EventType "team"]

1. e4 c5 2. Nf3 d6 3. d4 cxd4 4. Qxd4 Bd7 5. c4 Nc6 6. Qd2 g6 7. Nc3 Bg7 8. b3
Nf6 9. Bb2 O-O 10. a3 Bg4 11. Be2 Nd7 12. b4 Bxf3 13. gxf3 Nd4 14. Rd1 Nxe2 15.
Qxe2 Rc8 16. O-O Be5 17. f4 Bxf4 18. Nd5 Be5 19. Bxe5 Nxe5 20. c5 e6 21. Ne3 Qh4
22. f4 dxc5 23. fxe5 Qxe4 24. Qf3 Qxe5 25. Ng4 Qg5 26. Kh1 cxb4 27. axb4 h5 28.
Nf6+ Kg7 29. Nd7 1-0

[Event "World Youth U16 Olympiad"]
[Site "Gyor HUN"]
[Date "2014.12.20"]
[Round "9.9"]
[Board "3"]
[White "Xu, Yi"]
[Black "Macovei, Andrei"]
[Result "1/2-1/2"]
[WhiteTitle "FM"]
[WhiteElo "2360"]
[BlackElo "2168"]
[WhiteTeam "China"]
[BlackTeam "Moldova"]
[WhiteFideId "8605564"]
[BlackFideId "13904680"]
[EventDate "2014.12.13"]
[EventType "team"]

1. e4 c5 2. Nf3 Nc6 3. d4 cxd4 4. Nxd4 g6 5. Nc3 Bg7 6. Be3 Nf6 7. Bc4 O-O 8.
Bb3 a5 9. O-O a4 10. Nxa4 Nxe4 11. Nb5 d5 12. c3 e6 13. f3 Nd6 14. Nxd6 Qxd6 15.
Bc5 Qc7 16. Bxf8 Bxf8 17. c4 dxc4 18. Bxc4 Bd6 19. h3 Ne7 20. Bd3 Nd5 21. Re1
Bb4 22. Re4 Qa5 23. a3 Be7 24. Rc1 Bd7 25. Nc3 Qb6+ 26. Kh1 Nf6 27. Rc4 Qxb2 28.
Rb1 Qxa3 29. Rxb7 Rd8 30. Qc2 Bf8 31. Rb1 1/2-1/2

[Event "World Youth U16 Olympiad"]
[Site "Gyor HUN"]
[Date "2014.12.20"]
[Round "9.9"]
[Board "4"]
[White "Chetrari, Nikita"]
[Black "Zhang, Jiabao"]
[Result "1/2-1/2"]
[WhiteElo "2117"]
[BlackElo "2089"]
[WhiteTeam "Moldova"]
[BlackTeam "China"]
[WhiteFideId "13904647"]
[BlackFideId "8606560"]
[EventDate "2014.12.13"]
[EventType "team"]

1. e4 c5 2. Nf3 Nc6 3. d4 cxd4 4. Nxd4 Nf6 5. Nc3 e5 6. Ndb5 d6 7. Bg5 a6 8. Na3
b5 9. Nd5 Be7 10. Bxf6 Bxf6 11. c4 b4 12. Nc2 O-O 13. h4 Be6 14. g3 Bxd5 15.
cxd5 Nd4 16. Nxd4 exd4 17. Qd3 Qa5 18. Bh3 b3+ 19. Qd2 Qa4 20. O-O bxa2 21. Qd1
Qa5 22. Qb3 Rfb8 23. Rxa2 Rxb3 24. Rxa5 d3 25. Ra3 Rxb2 26. Rxd3 a5 27. Bd7 Rb4
28. Bc6 Ra7 29. Rc1 g6 30. Rc2 a4 31. Ra3 Rxe4 32. Rca2 Rd4 1/2-1/2

[Event "World Youth U16 Olympiad"]
[Site "Gyor HUN"]
[Date "2014.12.20"]
[Round "9.10"]
[Board "1"]
[White "Munkhbayar, Gijir"]
[Black "Plenca, Jadranko"]
[Result "1-0"]
[WhiteTitle "FM"]
[BlackTitle "FM"]
[WhiteElo "1967"]
[BlackElo "2313"]
[WhiteTeam "Mongolia"]
[BlackTeam "Croatia"]
[WhiteFideId "4901584"]
[BlackFideId "14527146"]
[EventDate "2014.12.13"]
[EventType "team"]

1. d4 d5 2. c4 c6 3. Nf3 Nf6 4. Nc3 a6 5. g3 Bg4 6. Ne5 Be6 7. cxd5 Nxd5 8. Bg2
Nxc3 9. bxc3 Nd7 10. Nd3 g6 11. Rb1 Qc8 12. a4 Bg7 13. Ba3 Rb8 14. O-O Bd5 15.
e4 Ba2 16. Rc1 Bc4 17. Re1 Bxd3 18. Qxd3 c5 19. e5 e6 20. f4 Bf8 21. Qe2 cxd4
22. cxd4 Qd8 23. Bxf8 Kxf8 24. d5 exd5 25. Bxd5 Kg7 26. Bxf7 Qb6+ 27. Kg2 Rhc8
28. Bd5 Qa5 29. Bf3 Qxa4 30. e6 Nf6 31. Qe5 Qb4 32. Rc7+ Kg8 33. Rec1 Rxc7 34.
Rxc7 Ne8 35. Rd7 1-0

[Event "World Youth U16 Olympiad"]
[Site "Gyor HUN"]
[Date "2014.12.20"]
[Round "9.10"]
[Board "2"]
[White "Tica, Sven"]
[Black "Agibileg, Uurtsaikh"]
[Result "1-0"]
[WhiteElo "2236"]
[BlackElo "1957"]
[WhiteTeam "Croatia"]
[BlackTeam "Mongolia"]
[WhiteFideId "14526948"]
[BlackFideId "4901606"]
[EventDate "2014.12.13"]
[EventType "team"]

1. Nf3 Nf6 2. g3 g6 3. Bg2 Bg7 4. O-O O-O 5. d4 d6 6. a4 Nc6 7. Nc3 e5 8. d5 Nb4
9. e4 Bd7 10. a5 Qc8 11. Qe2 Bh3 12. Nh4 Bg4 13. f3 Bd7 14. Be3 h6 15. g4 Qd8
16. Bf2 g5 17. Nf5 Bxf5 18. gxf5 Nh5 19. Rfc1 Na6 20. Qb5 Qc8 21. Bf1 Nb8 22.
Qc4 Nf4 23. Nb5 Na6 24. Ra3 h5 25. b4 Kh7 26. Rb1 Bh6 27. Nxa7 Qb8 28. b5 Rxa7
29. bxa6 Rxa6 30. Qxa6 bxa6 31. Rxb8 Rxb8 32. Rb3 Rc8 33. Be1 g4 34. fxg4 Rg8
35. h3 hxg4 36. hxg4 Nh5 37. Be2 Nf6 38. Rh3 Nxe4 39. Kf1 Kg7 40. Bd3 Nf6 41.
Bxa6 Rb8 42. Rb3 Ra8 43. Bb7 Ra7 44. Bc6 Ne4 45. Ke2 Nc5 46. Rb8 Bc1 47. Ra8
Rxa8 48. Bxa8 Bb2 49. Bb7 Ne4 50. a6 Bd4 51. Ba5 Ba7 52. Bxc7 Kh6 53. c4 Kg5 54.
Bc8 Kf4 55. Be6 fxe6 56. fxe6 Nf6 57. Bxd6 Ne8 58. c5 Ke4 59. Bb8 Bxb8 60. d6
Ng7 61. c6 Nxe6 62. a7 Nd4+ 63. Kd1 Nxc6 64. a8=Q 1-0

[Event "World Youth U16 Olympiad"]
[Site "Gyor HUN"]
[Date "2014.12.20"]
[Round "9.10"]
[Board "3"]
[White "Baterdene, Tsogbayar"]
[Black "Livaic, Leon"]
[Result "0-1"]
[WhiteElo "1981"]
[BlackElo "2193"]
[WhiteTeam "Mongolia"]
[BlackTeam "Croatia"]
[WhiteFideId "4901592"]
[BlackFideId "14531534"]
[EventDate "2014.12.13"]
[EventType "team"]

1. e4 e5 2. Nf3 Nc6 3. Bb5 a6 4. Ba4 Nf6 5. O-O Nxe4 6. d4 b5 7. Bb3 d5 8. dxe5
Be6 9. c3 Bc5 10. Nbd2 O-O 11. Qe2 Bf5 12. Nxe4 dxe4 13. Rd1 Qc8 14. e6 exf3 15.
Qxf3 Ne7 16. exf7+ Kh8 17. Re1 c6 18. Qg3 Nd5 19. Bxd5 cxd5 20. b4 Bb6 21. Re7
Bg6 22. Bb2 Qf5 23. a4 Rxf7 24. Rxf7 Qxf7 25. axb5 Rf8 26. Qf3 Qxf3 27. gxf3
axb5 28. Ra6 Rb8 29. Kg2 Kg8 30. Bc1 Bd3 31. Kg3 Bc4 32. Bf4 Rb7 33. Be5 Kf7 34.
f4 Bd8 35. h4 Bf6 36. Ra8 Ke6 37. Ra6+ Kf5 38. Bd4 Bxd4 39. cxd4 Ke4 40. h5 Kxd4 0-1

[Event "World Youth U16 Olympiad"]
[Site "Gyor HUN"]
[Date "2014.12.20"]
[Round "9.10"]
[Board "4"]
[White "Muha, Miljenko"]
[Black "Uuriintuya, Uurtsaikh"]
[Result "0-1"]
[WhiteElo "2105"]
[BlackElo "1875"]
[WhiteTeam "Croatia"]
[BlackTeam "Mongolia"]
[WhiteFideId "14533332"]
[BlackFideId "4900227"]
[EventDate "2014.12.13"]
[EventType "team"]

1. d4 Nf6 2. c4 g6 3. Nc3 Bg7 4. e4 d6 5. f3 O-O 6. Nge2 c5 7. Be3 Nc6 8. d5 Ne5
9. Ng3 h5 10. Be2 h4 11. Nf1 e6 12. Nd2 exd5 13. cxd5 h3 14. g3 a6 15. a4 Bd7
16. O-O b5 17. axb5 axb5 18. Rxa8 Qxa8 19. Bxb5 Bxb5 20. Nxb5 Qa6 21. Na3 Rb8
22. Bf4 Nd3 23. Nac4 Nxf4 24. gxf4 Nh5 25. f5 Nf4 26. fxg6 fxg6 27. b3 Qb7 28.
Kh1 Bd4 29. Nxd6 Qe7 30. N6c4 Qg5 31. Rg1 Qg2+ 0-1

[Event "World Youth U16 Olympiad"]
[Site "Gyor HUN"]
[Date "2014.12.20"]
[Round "9.11"]
[Board "1"]
[White "Mesaros, Florian"]
[Black "Nikitenko, Mihail"]
[Result "0-1"]
[WhiteElo "2370"]
[BlackElo "2379"]
[WhiteTeam "Austria"]
[BlackTeam "Belarus"]
[WhiteFideId "1629220"]
[BlackFideId "13506862"]
[EventDate "2014.12.13"]
[EventType "team"]

1. Nf3 Nf6 2. c4 g6 3. Nc3 Bg7 4. e4 O-O 5. d4 d6 6. Be2 e5 7. O-O exd4 8. Nxd4
Re8 9. f3 Nbd7 10. Bg5 c6 11. Qd2 a5 12. Rfd1 Nc5 13. Kh1 Qb6 14. Rab1 Nh5 15.
Be3 Qc7 16. b3 Qe7 17. Bg5 Qe5 18. g4 Nf6 19. Bf4 Qe7 20. a3 Bxg4 21. fxg4 Nfxe4
22. Nxe4 Nxe4 23. Qe3 g5 24. Nf5 Qf6 25. Rf1 gxf4 26. Qxf4 Nc3 27. Bd3 Nxb1 28.
g5 Qe6 29. Bxb1 Rad8 30. Qh4 Qe5 31. Ng3 Kf8 32. Qxh7 Qxg5 33. Nf5 Re5 34. Rg1
Rxf5 35. Bxf5 Qh6 36. Qxh6 Bxh6 37. Re1 Bf4 38. Kg2 Kg7 39. h3 Be5 40. Rf1 Re8
41. Rf3 Bd4 42. Kg3 Re2 43. Bc8 Kg6 44. Rd3 Be5+ 45. Kf3 Rh2 46. Kg4 Rf2 47. h4
f5+ 48. Bxf5+ Rxf5 49. Re3 Rf4+ 50. Kh3 Kh5 0-1

[Event "World Youth U16 Olympiad"]
[Site "Gyor HUN"]
[Date "2014.12.20"]
[Round "9.11"]
[Board "2"]
[White "Kazakovskiy, Valeriy"]
[Black "Kiss, Balint"]
[Result "1/2-1/2"]
[WhiteElo "2378"]
[BlackElo "2090"]
[WhiteTeam "Belarus"]
[BlackTeam "Austria"]
[WhiteFideId "13507443"]
[BlackFideId "743763"]
[EventDate "2014.12.13"]
[EventType "team"]

1. e4 e5 2. Nf3 Nc6 3. Bb5 a6 4. Ba4 Nf6 5. d3 d6 6. c3 Be7 7. O-O O-O 8. Re1 b5
9. Bb3 Na5 10. Bc2 c5 11. Nbd2 Nc6 12. Nf1 Be6 13. h3 Ne8 14. Ne3 Qc7 15. Nd5
Bxd5 16. exd5 Nb8 17. a4 Qb7 18. d4 exd4 19. cxd4 Bf6 20. dxc5 dxc5 21. Bf4 Nd7
22. d6 Rd8 23. axb5 axb5 24. Ra5 g6 25. Be4 Qb6 26. Qa1 Nb8 27. d7 Rxd7 28. Bxb8
Qxb8 29. Ra8 Qc7 30. Bxg6 hxg6 31. Raxe8 Rxe8 32. Rxe8+ Kg7 1/2-1/2